| 000 -LEADER |
| fixed length control field |
00842nam a2200229Ia 4500 |
| 001 - CONTROL NUMBER |
| control field |
11362 |
| 003 - CONTROL NUMBER IDENTIFIER |
| control field |
GE_BSU |
| 008 - FIXED-LENGTH DATA ELEMENTS--GENERAL INFORMATION |
| fixed length control field |
181216s||||||||xx |||||||||||||| ||und|| |
| 020 ## - INTERNATIONAL STANDARD BOOK NUMBER |
| International Standard Book Number |
978575676 |
| 040 ## - CATALOGING SOURCE |
| Transcribing agency |
GE_BSU |
| 080 ## - UNIVERSAL DECIMAL CLASSIFICATION NUMBER |
| Universal Decimal Classification number |
32(031) |
| 245 ## - TITLE STATEMENT |
| Title |
Политические системы современных государств.Том 1. |
| 245 ## - TITLE STATEMENT |
| Remainder of title |
Энциклопедический справочник в четырех томах. |
| 245 ## - TITLE STATEMENT |
| Statement of responsibility, etc. |
Гл.ред:А.В.Торкунов;науч.ред:А.Ю.Мельвиль;отв.ред:М.Г.Миронюк. |
| 260 ## - PUBLICATION, DISTRIBUTION, ETC. |
| Place of publication, distribution, etc. |
Москва. |
| 260 ## - PUBLICATION, DISTRIBUTION, ETC. |
| Name of publisher, distributor, etc. |
Аспект Пресс. |
| 260 ## - PUBLICATION, DISTRIBUTION, ETC. |
| Date of publication, distribution, etc. |
2012. |
| 300 ## - PHYSICAL DESCRIPTION |
| Extent |
616стр;илл;30см. |
| 653 ## - INDEX TERM--UNCONTROLLED |
| Uncontrolled term |
Политические системы современных государств.Том 1. |
| 942 ## - ADDED ENTRY ELEMENTS (KOHA) |
| Koha item type |
წიგნი |